00313nam a22001217a 450000500170000002000070001703500230002403700130004710000200006024500470008026000420012730000220016920180710161856.0 c00 aB-158701, B-158700 aDPLbENG aSharma, Promila aProblems of education /cby Promila Sharma aNew DelhibAPH Publishing Housec2005 av, 336p.c20 cms.